Paroles : You & I de One Direction - Statistiques

Statistiques générales
  • Ce quiz a été pris 224 fois
  • Le résultat moyen est 198 sur 255
Statistiques - réponses
Réponse % Correct
I
100%
a
99%
and
99%
You
99%
you
99%
the
95%
be
94%
like
92%
we
91%
We
91%
can
89%
Can
89%
don't
89%
No
89%
it
88%
Not
88%
us
86%
between
85%
end
85%
make
84%
Nothing
84%
nothing
84%
of
82%
to
82%
come
81%
them
81%
two
80%
even
78%
out
77%
above
76%
separate
75%
wanna
75%
black
73%
from
73%
Oh
73%
white
73%
gods
70%
figured
69%
they
66%
They
66%
know
65%
Seconds
61%
'till
60%
goes
59%
how
59%
time
58%
hours
57%
Never
56%
never
56%
in
55%
try
54%
'Cause
53%
some
53%
day
52%
fight
52%
sound
52%
take
52%
ever
51%
Maybe
51%
night
51%
each
50%
Silence
50%
other
48%
Did
47%
together
46%
for
45%
middle
44%
what
43%
it's
42%
right
42%
see
42%
wrong
42%
could
41%
down
40%
mistakes
40%
tight
40%
tried
40%
up
40%
hold
38%
had
37%
if
36%
Meet
36%
different
34%
light
33%
There's
28%
always
27%
things
27%
room
26%
common
23%
Saw
23%
ground
20%
Aucun quiz correspondant
Distribution des résultats
% des personnes avec chaque résultat
Percentile par nombre de réponses
Votre historique - résultats
Vous n’avez pas pris ce quiz